El expediente.

Uloženo v:
Podrobná bibliografie
Hlavní autor: Iommi Marini, Godofredo Tito (autor)
Médium: Kniha
Jazyk:španělština
Vydáno: Buenos Aires, Argentina Gabinete del Grabado 1978
Témata:
Tagy: Přidat tag
Žádné tagy, Buďte první, kdo vytvoří štítek k tomuto záznamu!

MARC

LEADER 00000nam a2200000 a 4500
001 UCZ3194
003 CL-VaPUC
005 20221115175418.0
008 951020e19780414AG |||||||||||||||||spa|d
999 |c 239694  |d 239692 
040 |c Pontificia Universidad Católica de Valparaíso 
082 0 4 |a Ch861 IOM 1978  |2 21 
100 |a Iommi Marini, Godofredo Tito  |e autor  |9 857986 
245 1 3 |a El expediente. 
260 0 3 |a Buenos Aires, Argentina  |b Gabinete del Grabado  |c 1978 
300 |a 42 páginas 
583 |a last modification  |c 20120606 05:03:39  |k Rodrigo Vera 
650 0 |a Poesías chilenas   |9 265280 
650 0 |a Académicos   |x Pontificia Universidad Católica de Valparaíso (PUCV)  |9 255553 
650 0 |a Archivo histórico PUCV  |9 255554 
942 |c BK  |2 ddc 
945 |d 19951020 00:00:00  |a rleighto 
952 |0 0  |1 0  |2 ddc  |4 0  |6 CH_861_000000000000000_IOM_1978  |7 0  |8 A  |9 251002  |a BIBARQ  |b BIBARQ  |d 2019-11-18  |i 3179427  |l 2  |o Ch861 IOM 1978  |p 3179427  |r 2025-01-20  |s 2024-11-14  |t 2  |w 2019-11-18  |y BK  |k ARQ 
952 |0 0  |1 0  |2 ddc  |4 0  |6 CH_861_000000000000000_IOM_1978  |7 0  |8 X  |9 251003  |a FDOBUD  |b FDOBUD  |d 2019-11-18  |i 1082949  |o Ch861 IOM 1978  |p 1082949  |r 2019-11-18  |t 1  |w 2019-11-18  |y BK_X  |k FHP